Countries of the World According to the Average Indian - Statistics

General Stats
  • This quiz has been taken 148 times
  • The average score is 41 of 53
Answers on the Map
Answers color-coded by a green-red scale on the quiz's map according to % correct below.
 
Answer Stats
Continent Answer % Correct
Europe Roosy
96%
Amrikaa Amrikaa
95%
India BHAARAT!!! :D
95%
Asia China
95%
Amrikaa Kannada
94%
Europe France (European Pondicherry)
93%
Europe Jarmani
92%
Amrikaa Mexico
92%
Asia Toorki
92%
the other continent Australia
91%
Amrikaa Brajil
91%
Europe Ikea Probably
91%
Europe PASTALAND
91%
Europe Portoogaal (European Goa)
91%
Europe Spain
91%
Afrikaa South Africa
90%
India Bad India >:(
88%
Asia Japan
88%
India Afghanistan
86%
India Bhutan
86%
India Burma
86%
Afrikaa Egypt
86%
Europe England *Coloniser >:(*
86%
Europe Greece
86%
Asia Korea
86%
Asia Mughals or Mongols probably
86%
India Nepal (India, but more mountains)
86%
Asia Parsis
86%
Asia Thailand
86%
Asia Vietnam
86%
India East Bengal
84%
India Lanka
84%
Amrikaa Kyaaliphornia
83%
Asia Malaysia
83%
Amrikaa Texas
83%
Asia Oman
82%
Asia Philippines
82%
Asia Angkor Wat
81%
India Tibet
76%
Asia Israel
74%
India Holiday Islands (Maldives)
71%
Asia Arabia
69%
Amrikaa Gayaana
66%
Afrikaa Kenya
61%
Asia Simhapura
59%
Afrikaa Mauritius
54%
Asia Dubai
48%
Asia Java
48%
Asia Sumatra
47%
Asia Borneo
46%
Asia Bali
38%
Amrikaa West Indies
18%
Afrikaa Probably Jangal
9%
No matching quizzes found
Score Distribution
Percent of People with Each Score
Percentile by Number Answered
Your Score History
You have not taken this quiz